GIMS - CIEL [paroles] - Statistiques

Statistiques générales
  • Ce quiz a été pris 276 fois
  • Le résultat moyen est 62 sur 120
Statistiques - réponses
Réponse % Correct
ciel
100%
(ciel)
100%
ciel)
100%
(ciel
100%
tu
97%
pas
95%
magicienne
93%
que
93%
un
92%
à
91%
a
91%
dit
90%
m’avais
90%
une
87%
ça
84%
me
84%
de
83%
ne
82%
des
77%
je
77%
la
77%
qu’elle
77%
c’est
76%
fasse
76%
c’était
75%
elle
75%
le
75%
siennes
75%
est
74%
découvert
72%
du
71%
j’ai
71%
71%
cauchemar
69%
dans
69%
vu
69%
j’étais
68%
oui
68%
fait
67%
tombée
67%
et
66%
Ferrari
66%
retrouvé
66%
vert
65%
vue
64%
m’étonnerait
62%
dis
59%
mais
58%
pour
56%
faux
53%
qu’c’était
53%
ton
53%
lui
50%
changer
47%
choses
47%
cours
47%
l’aimes
47%
t’as
47%
envie
45%
vie
45%
dire
43%
te
43%
tout
43%
fin
42%
au
41%
belle
41%
comme
41%
oh
41%
histoire
40%
les
40%
n’est
40%
plus
39%
azonto
38%
(azonto)
38%
fond
38%
âme
37%
crois
37%
par
37%
va
37%
choix
36%
défaut
36%
on
36%
question
36%
qu’une
36%
veut
36%
mes
35%
suis
35%
suivi
35%
d’la
34%
fosse
34%
fini
33%
grand
33%
leur
33%
même
33%
belles
31%
galères
31%
jour
31%
garde
30%
images
30%
mer
29%
partout
28%
aujourd’hui
25%
menti
25%
regardait
25%
verre
25%
y
25%
eh
24%
perdre
24%
peur
24%
bouts
23%
faire
23%
j’t’ai
23%
rien
23%
doutes
22%
(‘cienne)
20%
hanté
20%
baby
4%
d’tomber
4%
vient
4%
bébé
2%
Aucun quiz correspondant
Distribution des résultats
% des personnes avec chaque résultat
Percentile par nombre de réponses
Votre historique - résultats
Vous n’avez pas pris ce quiz